00556nam a2200181Ia 450000500170000000800410001704000190005804100120007708200160008924500520010526000420015730000120019970000290021185000100024094200070025099900160025795201010027320230405111643.0131103s9999 xx 000 0 und d aLoreto College aEnglish a823.08bSAX aModern Storiescedited by Sharada Prasad Saxena aLondonbOxford University Pressc1957 a204 p.  aSaxena,Sarada Prasad,ed. aLCLIB cBK c4557d55036 00102ddc4070aMAINbMAINd2013-11-04l0o823.08 SAX 2317pB4424r2013-11-04w2013-11-04yBKf